Курс автомобильных дорог (Запись № 9255811)

Подробности
000 -МАРКЕР
контрольное поле 00815nam1a22002171i 4500
001 - ИДЕНТИФИКАТОР ЗАПИСИ
контрольное поле rc\4045784
005 - ИДЕНТИФИКАТОР ВЕРСИИ
контрольное поле 20240726015457.0
035 ## - ДРУГИЕ СИСТЕМНЫЕ НОМЕРА
Идентификатор записи (NLR Aleph) 008102910
100 ## - ДАННЫЕ ОБЩЕЙ ОБРАБОТКИ
Данные общей обработки 20130415d1946 |||y0rusy50 ca
101 0# - ЯЗЫК РЕСУРСА
Язык текста, звукозаписи и т.д. русский
102 ## - СТРАНА ПУБЛИКАЦИИ ИЛИ ПРОИЗВОДСТВА
Страна публикации российская федерация
105 ## - ПОЛЕ КОДИРОВАННЫХ ДАННЫХ: ТЕКСТОВЫЕ МАТЕРИАЛЫ, МОНОГРАФИЧЕСКИЕ
Кодированные данные о монографическом текстовом документе z |||||
200 1# - ЗАГЛАВИЕ И СВЕДЕНИЯ ОБ ОТВЕТСТВЕННОСТИ
Основное заглавие Курс автомобильных дорог
Сведения, относящиеся к заглавию [Допущ. Министерством высш. образования СССР в качестве учеб. пособия для автодор. ин-тов
210 ## - ПУБЛИКАЦИЯ, РАСПРОСТРАНЕНИЕ И ДР.
Место издания, распространения и т.д. Москва]
Имя издателя, распространителя и т. д. Изд-во и тип. Дориздата
Дата издания, распространения и т.д. 1946
215 ## - ФИЗИЧЕСКАЯ ХАРАКТЕРИСТИКА
Размеры 25
606 ## - НАИМЕНОВАНИЕ ТЕМЫ КАК ПРЕДМЕТ
Наименование темы Автомобильные дороги
Формальный подзаголовок Учебники и пособия
Код системы psbo
801 #0 - ИСТОЧНИК ЗАПИСИ
Страна российская федерация
Организация NLR
Правила каталогизации psbo
801 #1 - ИСТОЧНИК ЗАПИСИ
Страна российская федерация
Организация ELAR
Источник данных rusmarc
852 ## - МЕСТОНАХОЖДЕНИЕ И ШИФР ХРАНЕНИЯ
Идентификатор организации NLR
Шифр хранения (Call Number) Т86 Г-7/23
942 ## - ДОПОЛНИТЕЛЬНЫЕ ЭЛЕМЕНТЫ ЗАПИСИ (АБИС)
Тип экземпляра АБИС Книга

Нет доступных экземпляров.